000 00630nam a2200241Ia 4500
001 2986
003 GE_BSU
008 181216s||||||||xx |||||||||||||| ||und||
020 _a5862256296
040 _cGE_BSU
080 _a339.(100)(075.8)
100 _aСпиридонов, И. А.
245 _aМировая экономика
245 _bУчебное пособие
245 _cред. А.Г. Соловьева
260 _aМосква
260 _bИНФРА-М
260 _c1998
300 _a256 с. 20 см.
541 _h5 л. 95 т.
653 _aМировая экономика
942 _cBK
999 _c37032
_d37032